[Event "Russia vs China (Rapid)"]
[Site "Sochi RUS"]
[Date "2009.08.21"]
[EventDate "2009.08.21"]
[Round "1"]
[Result "1/2-1/2"]
[White "Bu Xiangzhi"]
[Black "Nikita Vitiugov"]
[WhiteElo "2702"]
[BlackElo "2681"]
[PlyCount "68"]

1. d4 Nf6 2. c4 e6 3. Nc3 Bb4 4. Qc2 O-O 5. a3 Bxc3+ 6. Qxc3
b6 7. Bg5 c5 8. dxc5 bxc5 9. e3 d6 10. Rd1 a5 11. Bxf6 gxf6
12. Ne2 Ra6 13. Ng3 f5 14. Be2 Nd7 15. Nh5 e5 16. f4 Nf6
17. Nxf6+ Qxf6 18. O-O Re8 19. Bf3 Kg7 20. b4 axb4 21. axb4 e4
22. Qxf6+ Kxf6 23. b5 Ra3 24. Be2 Ke7 25. Kf2 Be6 26. Ra1 Rea8
27. Rxa3 Rxa3 28. Rb1 Kd7 29. b6 Kc8 30. b7+ Kb8 31. Rb6 Ra2
32. Ke1 Ra1+ 33. Kf2 Ra2 34. Ke1 Ra1+ 1/2-1/2

[Event "Russia vs China (Rapid)"]
[Site "Sochi RUS"]
[Date "2009.08.21"]
[EventDate "2009.08.21"]
[Round "3"]
[Result "1/2-1/2"]
[White "Bu Xiangzhi"]
[Black "Evgeny Tomashevsky"]
[WhiteElo "2702"]
[BlackElo "2689"]
[PlyCount "58"]

1. Nf3 Nf6 2. c4 b6 3. g3 Bb7 4. Bg2 e6 5. O-O Be7 6. Nc3 O-O
7. Re1 Ne4 8. Qc2 Nxc3 9. bxc3 Nc6 10. e4 d6 11. d3 e5 12. h4
Qd7 13. Nh2 Nd8 14. Qe2 f5 15. Bh3 Qc6 16. Bg2 Qd7 17. d4 Bxe4
18. Bxe4 fxe4 19. Qxe4 Nf7 20. Ng4 exd4 21. Qe6 Qxe6 22. Rxe6
Rae8 23. cxd4 Nd8 24. Re4 h5 25. Ne3 Bf6 26. Rxe8 Rxe8 27. Bb2
c5 28. Rd1 Re4 29. Kg2 cxd4 1/2-1/2

[Event "Russia vs China (Rapid)"]
[Site "Sochi RUS"]
[Date "2009.08.21"]
[EventDate "2009.08.21"]
[Round "4"]
[Result "1/2-1/2"]
[White "Ian Nepomniachtchi"]
[Black "Bu Xiangzhi"]
[WhiteElo "2632"]
[BlackElo "2702"]
[PlyCount "102"]

1. e4 e5 2. Nf3 Nf6 3. d4 Nxe4 4. dxe5 d5 5. Nbd2 Nxd2 6. Bxd2
c5 7. Bg5 Qa5+ 8. c3 Be6 9. Bd3 Nc6 10. O-O h6 11. Bd2 Qc7
12. Re1 Be7 13. Rc1 Qd7 14. a3 O-O 15. b4 Rfd8 16. Be3 d4
17. cxd4 cxb4 18. axb4 Nxb4 19. Bb1 Rac8 20. Qe2 Rxc1 21. Bxc1
Bd5 22. Nd2 Rc8 23. Ne4 Qc6 24. Ba3 Nc2 25. Bxc2 Qxc2 26. Qxc2
Rxc2 27. Bxe7 Bxe4 28. f3 Bc6 29. Rd1 Bd5 30. Ra1 Rc7 31. Bd6
Rc4 32. Rxa7 Rxd4 33. Ra1 b5 34. Rb1 Bc4 35. Rb2 h5 36. Kf2
Kh7 37. Ke3 Rd3+ 38. Ke4 Rd1 39. f4 Re1+ 40. Kf3 Kg6 41. h3
Rf1+ 42. Ke4 h4 43. Bc5 f5+ 44. Ke3 Re1+ 45. Kf3 Bd5+ 46. Kf2
Re4 47. g3 Rc4 48. Be3 b4 49. Bd2 Rd4 50. Bxb4 Rd3 51. gxh4
Rf3+ 1/2-1/2

[Event "Russia vs China (Rapid)"]
[Site "Sochi RUS"]
[Date "2009.08.21"]
[EventDate "2009.08.21"]
[Round "5"]
[Result "1/2-1/2"]
[White "Bu Xiangzhi"]
[Black "Artyom Timofeev"]
[WhiteElo "2702"]
[BlackElo "2681"]
[PlyCount "83"]

1. d4 Nf6 2. Nf3 g6 3. c4 Bg7 4. g3 d5 5. cxd5 Nxd5 6. Bg2 Nb6
7. O-O Nc6 8. Nc3 Nxd4 9. Nxd4 Qxd4 10. Nb5 Qc4 11. a4 O-O
12. b3 Qg4 13. Bf4 Be6 14. h3 Qh5 15. g4 Qc5 16. Qc1 Qxc1
17. Raxc1 c6 18. Nc7 Rad8 19. Nxe6 fxe6 20. Bg5 Nd5 21. Bxd5
Rxd5 22. Bxe7 Rf7 23. Bc5 b6 24. Be3 c5 25. a5 Bd4 26. axb6
axb6 27. Bxd4 Rxd4 28. Rc4 Rfd7 29. e3 Rxc4 30. bxc4 Kf7
31. Rb1 Rb7 32. Kg2 Ke7 33. Kf3 Kd6 34. Ke4 Kc6 35. f4 b5
36. cxb5+ Rxb5 37. Rxb5 Kxb5 38. Kd3 Kb4 39. e4 Kb3 40. Kd2
Kb2 41. Kd3 Kb3 42. Kd2 1/2-1/2

[Event "Russia vs China (Rapid)"]
[Site "Sochi RUS"]
[Date "2009.08.22"]
[EventDate "2009.08.21"]
[Round "8"]
[Result "1-0"]
[White "Evgeny Tomashevsky"]
[Black "Bu Xiangzhi"]
[WhiteElo "2689"]
[BlackElo "2702"]
[PlyCount "87"]

1. c4 Nf6 2. Nf3 e6 3. Nc3 d5 4. d4 Bb4 5. cxd5 exd5 6. Bg5
Nbd7 7. Qa4 Bxc3+ 8. bxc3 O-O 9. e3 Qe8 10. Bf4 Qe7 11. Bd3 c5
12. Nd2 Qe6 13. O-O b6 14. Rae1 Bb7 15. f3 Rfd8 16. Qc2 g6
17. e4 cxd4 18. cxd4 Rac8 19. Qd1 Nh5 20. Be3 dxe4 21. fxe4
Rc3 22. d5 Qe7 23. Nf3 Nc5 24. Bc2 Ba6 25. Rf2 Nd3 26. Bxd3
Rxd3 27. Qa1 Re8 28. Bh6 Bc8 29. h3 Qc5 30. Rc1 Qd6 31. Ne5
Rd1+ 32. Rxd1 Rxe5 33. g4 Nf6 34. Bf4 Nd7 35. Qc3 Ba6 36. Qc6
Qe7 37. d6 Qe6 38. Bxe5 Qxe5 39. Qxd7 Qg3+ 40. Rg2 Qe3+
41. Kh2 Qf4+ 42. Kh1 Bf1 43. Qc8+ Kg7 44. Qc3+ 1-0

[Event "Russia vs China (Rapid)"]
[Site "Sochi RUS"]
[Date "2009.08.22"]
[EventDate "2009.08.21"]
[Round "9"]
[Result "0-1"]
[White "Bu Xiangzhi"]
[Black "Ian Nepomniachtchi"]
[WhiteElo "2702"]
[BlackElo "2632"]
[PlyCount "104"]

1. d4 d5 2. Nf3 c6 3. c4 e6 4. Bg5 Nf6 5. Nbd2 Nbd7 6. e3 a6
7. a3 h6 8. Bh4 g5 9. Bg3 Nh5 10. Be5 Rg8 11. h3 Nxe5 12. Nxe5
Ng7 13. Qc2 Nf5 14. Bd3 f6 15. Nef3 Kf7 16. g4 Ne7 17. O-O-O
b5 18. c5 Qc7 19. Kb1 a5 20. b3 Bg7 21. h4 Bd7 22. Rdg1 Raf8
23. Be2 Rh8 24. Ne1 e5 25. Nd3 exd4 26. exd4 Ng6 27. h5 Nf4
28. Bd1 f5 29. Nf3 Nxd3 30. Qxd3 Re8 31. gxf5 Re4 32. f6 Bxf6
33. Nd2 Bf5 34. Bc2 Re1+ 35. Rxe1 Bxd3 36. Bxd3 Qf4 37. Kc2
Qxd4 38. Re3 Qxc5+ 39. Kd1 Qxa3 40. Rhe1 a4 41. Ke2 axb3
42. Nxb3 Rf8 43. Kf1 Qd6 44. Bg6+ Kg8 45. Kg2 d4 46. Rf3 c5
47. Nd2 Bg7 48. Rxf8+ Bxf8 49. Re8 c4 50. Ne4 Qc6 51. Rd8 c3
52. Rd7 c2 0-1

[Event "Russia vs China (Rapid)"]
[Site "Sochi RUS"]
[Date "2009.08.22"]
[EventDate "2009.08.21"]
[Round "10"]
[Result "1/2-1/2"]
[White "Artyom Timofeev"]
[Black "Bu Xiangzhi"]
[WhiteElo "2681"]
[BlackElo "2702"]
[PlyCount "214"]

1. e4 c5 2. Nf3 d6 3. d4 cxd4 4. Nxd4 Nf6 5. Nc3 a6 6. Be3 e5
7. Nf3 Be7 8. Bc4 O-O 9. O-O Nc6 10. a3 Be6 11. Qe2 Na5
12. Ba2 Rc8 13. Nd5 Bxd5 14. exd5 b5 15. Rad1 Qc7 16. c3 Nc4
17. Bc1 Nd7 18. Ne1 f5 19. Nc2 Bf6 20. Nb4 Nb8 21. a4 bxa4
22. Nc6 Na5 23. Qc2 a3 24. b4 Naxc6 25. dxc6+ Kh8 26. Qxf5
Nxc6 27. Bxa3 Ne7 28. Qe4 Qxc3 29. Rd3 Qc6 30. Qg4 e4 31. Rh3
h6 32. Be6 Rc7 33. b5 axb5 34. Qf4 Ng8 35. Qxd6 Rd8 36. Qf4
Ra7 37. Bf5 Ra4 38. Bc1 Bd4 39. Be3 Qf6 40. g4 Bxe3 41. fxe3
Qd6 42. g5 Qxf4 43. exf4 Ne7 44. Be6 Rd3 45. Rh5 e3 46. gxh6
e2 47. Re1 Rd1 48. hxg7+ Kxg7 49. Kf2 Rxf4+ 50. Kxe2 Rxe1+
51. Kxe1 Re4+ 52. Kf2 Rxe6 53. Rxb5 Kf6 54. h4 Nf5 55. Rb4 Ra6
56. h5 Kg5 57. h6 Rxh6 58. Ke2 Rh3 59. Ra4 Kf6 60. Ra5 Ne7
61. Kd2 Ke6 62. Ke2 Nd5 63. Ra8 Ke5 64. Re8+ Kd4 65. Rd8 Rh7
66. Kf2 Ke4 67. Re8+ Ne7 68. Ke2 Rf7 69. Kd2 Kd4 70. Rd8+ Nd5
71. Ke2 Rf6 72. Rd7 Rf8 73. Rd6 Ke5 74. Rd7 Ke4 75. Ra7 Nc3+
76. Kd2 Rf3 77. Re7+ Kd4 78. Rd7+ Nd5 79. Ke2 Re3+ 80. Kf2 Re5
81. Rd8 Kd3 82. Rd7 Rf5+ 83. Kg3 Ke4 84. Rd8 Rf3+ 85. Kg4 Nf6+
86. Kg5 Ke5 87. Ra8 Rg3+ 88. Kh4 Rg1 89. Ra5+ Kf4 90. Ra4+ Ne4
91. Kh5 Rg5+ 92. Kh6 Rg8 93. Kh7 Rg2 94. Kh6 Ke5 95. Ra5+ Ke6
96. Kh5 Nd6 97. Kh4 Nf5+ 98. Kh3 Rg8 99. Rb5 Ne3 100. Ra5 Nd5
101. Ra3 Ke5 102. Ra5 Ke4 103. Ra4+ Ke5 104. Ra5 Rg7 105. Kh4
Ke4 106. Ra4+ Kf5 107. Ra5 Ke5 1/2-1/2

[Event "Russia vs China (Blitz)"]
[Site "Sochi RUS"]
[Date "2009.08.23"]
[EventDate "2009.08.23"]
[Round "3"]
[Result "1/2-1/2"]
[White "Evgeny Tomashevsky"]
[Black "Bu Xiangzhi"]
[WhiteElo "2689"]
[BlackElo "2702"]
[PlyCount "89"]

1. Nf3 Nf6 2. c4 c6 3. Nc3 d5 4. e3 a6 5. Qc2 e6 6. d4 c5
7. cxd5 exd5 8. Be2 Nc6 9. Ne5 Qc7 10. Nxc6 bxc6 11. O-O Bd6
12. h3 O-O 13. dxc5 Bxc5 14. b3 Re8 15. Bb2 Bd6 16. Bf3 Nd7
17. Na4 Ne5 18. Bxe5 Rxe5 19. Rac1 Bd7 20. Rfd1 Ra7 21. Nc5
Be8 22. Qd3 a5 23. Qd4 Qe7 24. e4 dxe4 25. Nxe4 Ba3 26. Rb1
Rd7 27. Qc4 Rdd5 28. g3 Bb4 29. h4 h6 30. Rbc1 Kh7 31. Kg2 f5
32. Nc3 Rxd1 33. Bxd1 Rc5 34. Qd3 Qe5 35. Ne2 Rd5 36. Qf3 Rd2
37. Nf4 Rxa2 38. Nd3 Qe4 39. Nxb4 axb4 40. Rc4 Qxf3+ 41. Bxf3
Bf7 42. Rxb4 Rb2 43. Bxc6 Rxb3 44. Rf4 Be6 45. Rd4 1/2-1/2

[Event "Russia vs China (Blitz)"]
[Site "Sochi RUS"]
[Date "2009.08.23"]
[EventDate "2009.08.23"]
[Round "4"]
[Result "0-1"]
[White "Bu Xiangzhi"]
[Black "Ian Nepomniachtchi"]
[WhiteElo "2702"]
[BlackElo "2632"]
[PlyCount "78"]

1. d4 Nf6 2. c4 c6 3. Nf3 d5 4. Qc2 e6 5. Bg5 dxc4 6. Qxc4 b5
7. Qc2 Bb7 8. e3 Nbd7 9. Be2 a6 10. a4 b4 11. O-O c5 12. a5
Rc8 13. Qa4 h6 14. Bxf6 gxf6 15. Nbd2 cxd4 16. exd4 Rg8
17. Rac1 Be7 18. g3 Kf8 19. Bd3 f5 20. Rxc8 Qxc8 21. Qd1 Qc6
22. Qe2 Bg5 23. d5 Qxd5 24. Bxa6 Ba8 25. Bc4 Qxa5 26. Nxg5
hxg5 27. Rd1 Qe5 28. Nf1 Qxe2 29. Bxe2 Ke7 30. Rc1 Ne5 31. Rc5
Kd6 32. Rc2 f4 33. Nd2 Bd5 34. Kf1 Ra8 35. Bb5 f3 36. Rc1 Ra2
37. Rb1 Kc5 38. Be8 Kd4 39. Bb5 Nd3 0-1

[Event "Russia vs China (Blitz)"]
[Site "Sochi RUS"]
[Date "2009.08.23"]
[EventDate "2009.08.23"]
[Round "5"]
[Result "1/2-1/2"]
[White "Artyom Timofeev"]
[Black "Bu Xiangzhi"]
[WhiteElo "2681"]
[BlackElo "2702"]
[PlyCount "77"]

1. e4 c5 2. Nf3 d6 3. d4 cxd4 4. Nxd4 Nf6 5. Nc3 a6 6. Be3 e5
7. Nf3 Be7 8. Bc4 O-O 9. O-O Nc6 10. a3 Be6 11. Ba2 Rc8
12. Re1 Na5 13. Bg5 Nc4 14. Bxf6 Bxf6 15. Bxc4 Rxc4 16. Qe2
Qb6 17. Rab1 Rfc8 18. Red1 Qc7 19. Nd2 Rc6 20. Nf1 Bg5 21. Ne3
Bxe3 22. Qxe3 b5 23. Rd2 Rb8 24. h3 b4 25. axb4 Rxb4 26. Rd3
a5 27. b3 Rd4 28. Nb5 Rxd3 29. Qxd3 Qb6 30. c4 a4 31. bxa4
Bxc4 32. Qd2 h6 33. a5 Qc5 34. Qb4 Ra6 35. Nxd6 Qxd6 36. Qxc4
Rxa5 37. Qc8+ Kh7 38. Qf5+ Qg6 39. Qxg6+ 1/2-1/2

[Event "Russia vs China (Blitz)"]
[Site "Sochi RUS"]
[Date "2009.08.23"]
[EventDate "2009.08.23"]
[Round "6"]
[Result "0-1"]
[White "Bu Xiangzhi"]
[Black "Nikita Vitiugov"]
[WhiteElo "2702"]
[BlackElo "2681"]
[PlyCount "82"]

1. e4 e6 2. d3 c5 3. Nf3 d5 4. Nbd2 Nf6 5. g3 g6 6. Bg2 Bg7
7. O-O O-O 8. Qe2 Nc6 9. Re1 b6 10. Nf1 a5 11. e5 Nd7 12. Bf4
a4 13. h4 a3 14. b3 h5 15. N1h2 b5 16. g4 hxg4 17. Nxg4 Nd4
18. Nxd4 cxd4 19. Bg5 f6 20. exf6 Nxf6 21. Bh3 Ra6 22. Kh1 Qe8
23. Nxf6+ Bxf6 24. Rg1 Bg7 25. Rg3 e5 26. Bxc8 Qxc8 27. Rag1
Qf5 28. R1g2 Rf7 29. Kg1 e4 30. Bd2 Re6 31. Bb4 e3 32. Bxa3
exf2+ 33. Qxf2 Qh5 34. Qd2 Qxh4 35. Bb4 Re3 36. Rxg6 Rh3
37. Rxg7+ Rxg7 38. Rxg7+ Kxg7 39. Bd6 Rh1+ 40. Kg2 Qh3+
41. Kf2 Rf1+ 0-1

[Event "Russia vs China (Blitz)"]
[Site "Sochi RUS"]
[Date "2009.08.23"]
[EventDate "2009.08.23"]
[Round "9"]
[Result "1-0"]
[White "Ian Nepomniachtchi"]
[Black "Bu Xiangzhi"]
[WhiteElo "2632"]
[BlackElo "2702"]
[PlyCount "75"]

1. e4 e5 2. d4 exd4 3. Qxd4 Nc6 4. Qe3 Nf6 5. Nc3 Bb4 6. Bd2
O-O 7. O-O-O Re8 8. Qg3 d6 9. a3 Ba5 10. f3 Nh5 11. Qe1 Be6
12. g4 Nf6 13. g5 Nd7 14. h4 Nf8 15. h5 Bxc3 16. Bxc3 Qxg5+
17. Kb1 h6 18. Ne2 Qe7 19. Nf4 Ne5 20. Rg1 f6 21. Qe3 Bf7
22. Rd2 Nh7 23. Nd5 Bxd5 24. Rxd5 Nf7 25. Bc4 Kh8 26. Rd2 Nhg5
27. Rdg2 c6 28. f4 d5 29. fxg5 Nxg5 30. Bd3 c5 31. Qg3 c4
32. Bf1 Qxe4 33. Qf2 Nh3 34. Rxg7 Re6 35. Bxf6 Qe1+ 36. Ka2
Nxg1 37. Re7+ Kg8 38. Qxg1+ 1-0

[Event "Russia vs China (Blitz)"]
[Site "Sochi RUS"]
[Date "2009.08.23"]
[EventDate "2009.08.23"]
[Round "10"]
[Result "1-0"]
[White "Bu Xiangzhi"]
[Black "Artyom Timofeev"]
[WhiteElo "2702"]
[BlackElo "2681"]
[PlyCount "59"]

1. c4 e6 2. d4 d5 3. Nf3 c6 4. Bg5 Be7 5. Bxe7 Qxe7 6. Nbd2
Nf6 7. e3 O-O 8. Qc2 b6 9. Bd3 Bb7 10. O-O dxc4 11. Qxc4 Ba6
12. Qc2 Bxd3 13. Qxd3 Nbd7 14. Rac1 c5 15. Qa6 cxd4 16. exd4
Nd5 17. a3 Nb8 18. Qc4 Nd7 19. Rc2 h6 20. Rfc1 a6 21. g3 b5
22. Qd3 N7b6 23. Ne5 b4 24. Nc6 Qg5 25. Nf3 Qh5 26. axb4 Nd7
27. Nfe5 N7f6 28. Qf3 Qxf3 29. Nxf3 Ne4 30. Nfe5 1-0

[Event "Maotai Prince Cup Kings"]
[Site "Jinzhou"]
[Date "2009.09.20"]
[EventDate "?"]
[Round "4"]
[Result "1/2-1/2"]
[White "Zhou Jianchao"]
[Black "Bu Xiangzhi"]
[WhiteElo "2623"]
[BlackElo "2702"]
[PlyCount "96"]

1.Nf3 Nf6 2.c4 e6 3.Nc3 d5 4.d4 Bb4 5.cxd5 exd5 6.Bg5 Nbd7
7.Qc2 O-O 8.a3 Bxc3+ 9.Qxc3 c6 10.e3 Qe8 11.Qc2 Ne4 12.Bd3 h6
13.Bf4 Qe7 14.h3 Re8 15.Bh2 c5 16.O-O c4 17.Bxe4 Qxe4 18.Qxe4
Rxe4 19.Nd2 Re6 20.a4 Rb6 21.Ra2 Nb8 22.a5 Ra6 23.Nb1 Nc6
24.Nc3 Be6 25.Rfa1 Nb4 26.Ra4 Nd3 27.e4 Bd7 28.R4a3 dxe4
29.Nxe4 Re6 30.Nd6 Nxb2 31.d5 Re2 32.Nxb7 Rd2 33.Be5 Nd1
34.Nd6 Rxd5 35.Nxc4 Rc8 36.Ne3 Rxe5 37.Rxd1 Be6 38.f4 Rb5
39.f5 Bxf5 40.Nxf5 Rxf5 41.Rd7 a6 42.Rd6 Rc2 43.Rxa6 Rg5 44.g4
h5 45.Ra8+ Kh7 46.a6 Rd5 47.Ra1 Rdd2 48.a7 Rg2+ 1/2-1/2

[Event "Maotai Prince Cup Kings"]
[Site "Jinzhou"]
[Date "2009.09.24"]
[EventDate "?"]
[Round "7"]
[Result "1/2-1/2"]
[White "Bu Xiangzhi"]
[Black "Wang Yue"]
[WhiteElo "2702"]
[BlackElo "2736"]
[PlyCount "87"]

1.d4 Nf6 2.c4 e6 3.Nf3 b6 4.g3 Ba6 5.b3 Bb4+ 6.Bd2 Be7 7.Bg2
c6 8.Bc3 d5 9.Ne5 Nfd7 10.Nxd7 Nxd7 11.Nd2 O-O 12.O-O Rc8
13.e4 c5 14.exd5 exd5 15.dxc5 dxc4 16.c6 cxb3 17.Re1 b2
18.Bxb2 Nc5 19.Nc4 Bxc4 20.Qg4 Bg5 21.Qxc4 Nd3 22.Be5 Nxe1
23.Rxe1 Bf6 24.Bxf6 Qxf6 25.c7 Qd6 26.Rc1 b5 27.Qc2 g6 28.Bb7
b4 29.Qc5 Qxc5 30.Rxc5 f5 31.Kf1 Kf7 32.Ke2 Ke7 33.Bxc8 Rxc8
34.Kd3 Kd6 35.Kc4 Rxc7 36.Rxc7 Kxc7 37.Kxb4 Kb6 38.h3 Ka6
39.f4 Kb6 40.Kc4 Kc6 41.a3 a6 42.a4 a5 43.h4 h5 44.Kd4 1/2-1/2

[Event "China - Russia"]
[Site "Ningbo CHN"]
[Date "2010.08.06"]
[EventDate "2010.08.05"]
[Round "2"]
[Result "0-1"]
[White "Artyom Timofeev"]
[Black "Bu Xiangzhi"]
[WhiteElo "2690"]
[BlackElo "2676"]
[PlyCount "92"]

1. d4 d5 2. c4 c6 3. Nf3 Nf6 4. Nc3 dxc4 5. a4 Bf5 6. e3 e6
7. Bxc4 Bb4 8. O-O O-O 9. Nh4 Nbd7 10. f3 Bg6 11. e4 e5
12. Nxg6 hxg6 13. Be3 Qe7 14. Ne2 Nb6 15. Qb3 Nxc4 16. Qxc4
Nd7 17. Rfd1 Rfd8 18. a5 Rac8 19. Qb3 exd4 20. Bxd4 Nf8
21. Bxa7 Rxd1+ 22. Rxd1 Bxa5 23. Be3 Ne6 24. Nd4 Nxd4 25. Rxd4
Rd8 26. Rxd8+ Qxd8 27. h3 Bc7 28. Kf2 b5 29. Qc3 Qd6 30. Qc5
Qe6 31. Ke2 Bd8 32. Bd4 Kh7 33. Bc3 Be7 34. Qd4 f6 35. f4 c5
36. Qd5 Qa6 37. Qd3 Qa4 38. Kf3 b4 39. Be1 Qa1 40. Qe2 c4
41. f5 c3 42. fxg6+ Kxg6 43. bxc3 b3 44. h4 b2 45. h5+ Kh7
46. Qb5 Qd1+ 0-1

[Event "Chess Olympiad"]
[Site "Khanty-Mansiysk RUS"]
[Date "2010.09.23"]
[EventDate "2010.09.21"]
[Round "3"]
[Result "1-0"]
[White "Bu Xiangzhi"]
[Black "Vladimir Hamitevici"]
[WhiteElo "2695"]
[BlackElo "2415"]
[PlyCount "81"]

1. Nf3 c5 2. c4 Nc6 3. d4 cxd4 4. Nxd4 e6 5. Nb5 Nf6 6. Bf4
Bb4+ 7. N1c3 O-O 8. Bd6 Bxd6 9. Nxd6 Ne8 10. e3 Qb6 11. Rb1
Qb4 12. Ne4 f5 13. Ng3 b6 14. Be2 Qe7 15. O-O Bb7 16. Qd2 Rd8
17. Rbd1 Qh4 18. Nb5 Rf6 19. Nd6 Rh6 20. h3 Nxd6 21. Qxd6 Ne5
22. Qxe5 Bxg2 23. Nh5 Rxh5 24. Bxh5 Bxh3 25. Be2 Qg5+ 26. Qg3
Qxg3+ 27. fxg3 Bxf1 28. Kxf1 Kf7 29. Rd3 d6 30. Ra3 Rd7 31. b4
Rc7 32. Ra6 Kf6 33. a4 Rb7 34. a5 bxa5 35. b5 Ke7 36. Rxa5 g6
37. Ra6 Rc7 38. c5 dxc5 39. Bc4 e5 40. Re6+ Kd7 41. Rxe5 1-0

[Event "Cap d'Agde"]
[Site "Cap d'Agde FRA"]
[Date "2010.10.24"]
[EventDate "2010.10.23"]
[Round "2"]
[Result "1/2-1/2"]
[White "Ngoc Truongson Nguyen"]
[Black "Bu Xiangzhi"]
[WhiteElo "2633"]
[BlackElo "2695"]
[PlyCount "189"]

1. d4 Nf6 2. Bf4 e6 3. e3 b6 4. Nd2 Bb7 5. Ngf3 Be7 6. Bd3 O-O
7. O-O c5 8. c3 h6 9. a4 Nc6 10. h3 d6 11. Qe2 a6 12. Bg3 Re8
13. Rfd1 Bf8 14. e4 cxd4 15. Nxd4 Ne5 16. Bc2 Qc7 17. Kh2 g6
18. Kh1 Bg7 19. Bh2 Rac8 20. Re1 Nfd7 21. f4 Nc6 22. N4f3 Ne7
23. Rad1 Red8 24. Nf1 Nc5 25. Ng3 Bc6 26. f5 Bxa4 27. Bxa4
Nxa4 28. fxe6 fxe6 29. Nd4 Qd7 30. e5 dxe5 31. Ndf5 exf5
32. Rxd7 Rxd7 33. Nf1 e4 34. Qxa6 Nc5 35. Qb5 Rc6 36. Bg1 Nd3
37. Ra1 Kh7 38. Ra6 f4 39. Rxb6 e3 40. Bxe3 Rd5 41. Qxd5 Nxd5
42. Rxc6 fxe3 43. Nxe3 Nxe3 44. b4 Nd5 45. b5 Ne5 46. Rd6 Nxc3
47. b6 Ne4 48. b7 Nxd6 49. b8=Q Ne4 50. Qb7 Ng3+ 51. Kh2 Nf5
52. g4 Nd6 53. Qe7 Nef7 54. h4 Be5+ 55. Kg2 Kg7 56. Qe6 Ne4
57. h5 gxh5 58. gxh5 Nf6 59. Qf5 Kf8 60. Qc8+ Ne8 61. Qe6 Bf6
62. Qf5 Bg5 63. Qc8 Nfd6 64. Qe6 Nf7 65. Qc8 Bd8 66. Qd7 Ng7
67. Qc8 Kg8 68. Qg4 Bg5 69. Qc8+ Nd8 70. Qc4+ Nde6 71. Kf3 Kf7
72. Kg4 Ne8 73. Qa2 Ke7 74. Qa3+ Kf7 75. Qa2 Be7 76. Qb3 Bd6
77. Kf5 N8g7+ 78. Kg4 Bf4 79. Qb7+ Bc7 80. Qb3 Bd8 81. Qa2 Bg5
82. Qa7+ Kf8 83. Qa8+ Nd8 84. Qa3+ Be7 85. Qa6 Nf7 86. Qa8+
Bd8 87. Qa3+ Kg8 88. Qa2 Ne8 89. Kf5 Kg7 90. Qg2+ Bg5 91. Qb2+
Nf6 92. Ke6 Nd8+ 93. Ke7 Nc6+ 94. Kd6 Nd8 95. Ke5 1/2-1/2

[Event "16th Asian Games (Men Teams)"]
[Site "Guangzhou CHN"]
[Date "2010.11.18"]
[EventDate "2010.11.18"]
[Round "1"]
[Result "1/2-1/2"]
[White "Ahmed Minhazuddin"]
[Black "Bu Xiangzhi"]
[WhiteElo "2350"]
[BlackElo "2680"]
[PlyCount "81"]

1. e4 c5 2. Nf3 Nc6 3. d4 cxd4 4. Nxd4 g6 5. Nc3 Bg7 6. Be3
Nf6 7. Be2 O-O 8. O-O d6 9. Qd2 Bd7 10. Rfd1 a6 11. a4 Rc8
12. Nxc6 Bxc6 13. f3 Nd7 14. Bd4 Qa5 15. Bxg7 Kxg7 16. Qd4+
Qe5 17. b4 f5 18. Qxe5+ Nxe5 19. f4 Nd7 20. e5 Bxg2 21. Ra3
Bc6 22. exd6 exd6 23. Rxd6 Nf6 24. b5 axb5 25. axb5 Be4
26. Nxe4 Nxe4 27. Rd7+ Rf7 28. Rxf7+ Kxf7 29. Ra7 Nd6 30. Bf3
Rxc2 31. Bxb7 Nxb5 32. Bd5+ Kf8 33. Rf7+ Ke8 34. Rxh7 Nd4
35. Bf7+ Kf8 36. Bxg6 Kg8 37. Rd7 Nf3+ 38. Kf1 Nxh2+ 39. Ke1
Nf3+ 40. Kd1 Rc5 41. Bf7+ 1/2-1/2

[Event "16th Asian Games (Men Teams)"]
[Site "Guangzhou CHN"]
[Date "2010.11.19"]
[EventDate "2010.11.18"]
[Round "2"]
[Result "1/2-1/2"]
[White "Bu Xiangzhi"]
[Black "Rogelio Antonio Jr"]
[WhiteElo "2680"]
[BlackElo "2573"]
[PlyCount "103"]

1. c4 e6 2. Nc3 Bb4 3. g3 Nf6 4. Bg2 O-O 5. Qb3 Nc6 6. Bxc6
Bxc3 7. Bg2 Ba5 8. Nf3 d5 9. O-O c6 10. d4 Ne4 11. Qc2 Nf6
12. Rb1 Bc7 13. b4 h6 14. a4 Re8 15. Bf4 Bxf4 16. gxf4 dxc4
17. e3 Nd5 18. Qxc4 a5 19. bxa5 Qxa5 20. Ra1 Qd8 21. Kh1 Bd7
22. Ne5 f6 23. Nd3 Kh8 24. Rfb1 b5 25. axb5 cxb5 26. Qc2 Rc8
27. Nc5 Bc6 28. Ra6 b4 29. Qb3 f5 30. Rg1 Qh4 31. Qb2 Qh5
32. Raa1 Re7 33. Nd3 Bb7 34. Nc5 Bc6 35. Qd2 Nc3 36. Bxc6 Rxc6
37. Rg3 Kh7 38. Qb2 Nd1 39. Qa2 Nc3 40. Qb2 Nd1 41. Qd2 Nc3
42. f3 Nd5 43. Rag1 Rcc7 44. e4 fxe4 45. fxe4 Nc3 46. Qg2 Qe2
47. Rf1 Ra7 48. Qxe2 Nxe2 49. Rb3 Nxd4 50. Rxb4 e5 51. fxe5
Rxe5 52. Rxd4 1/2-1/2

[Event "16th Asian Games (Men Teams)"]
[Site "Guangzhou CHN"]
[Date "2010.11.21"]
[EventDate "2010.11.18"]
[Round "4"]
[Result "1/2-1/2"]
[White "Surya Shekhar Ganguly"]
[Black "Bu Xiangzhi"]
[WhiteElo "2644"]
[BlackElo "2680"]
[PlyCount "62"]

1. d4 d5 2. c4 c6 3. Nf3 Nf6 4. Nc3 dxc4 5. a4 Bf5 6. e3 e6
7. Bxc4 Bb4 8. O-O O-O 9. Qe2 Nbd7 10. e4 Bg6 11. Bd3 Bh5
12. e5 Nd5 13. Nxd5 cxd5 14. Qe3 Be7 15. Ng5 Bxg5 16. Qxg5 Bg6
17. Be2 Nb8 18. Qxd8 Rxd8 19. Bd2 Nc6 20. Bc3 f6 21. f4 Be4
22. Ra3 Rac8 23. a5 Rc7 24. Bg4 Bf5 25. Be2 Be4 26. Raa1 Rdc8
27. g3 Rf7 28. Bh5 Bg6 29. Bg4 Bf5 30. Bh5 Bg6 31. Bg4 Bf5
1/2-1/2

[Event "16th Asian Games (Men Teams)"]
[Site "Guangzhou CHN"]
[Date "2010.11.24"]
[EventDate "2010.11.18"]
[Round "7"]
[Result "1-0"]
[White "Bu Xiangzhi"]
[Black "Evgeny Yuryevich Vladimirov"]
[WhiteElo "2680"]
[BlackElo "2623"]
[PlyCount "53"]

1. Nf3 Nf6 2. c4 b6 3. g3 Bb7 4. Bg2 e6 5. O-O Be7 6. Nc3 O-O
7. d4 Ne4 8. Qc2 Nxc3 9. Qxc3 c5 10. Rd1 d6 11. Bf4 Qc7 12. d5
exd5 13. cxd5 Bf6 14. Qc2 Qe7 15. Rd3 g5 16. Bd2 Nd7 17. Re3
Qd8 18. Qf5 Bc8 19. Nxg5 Bxg5 20. Be4 Re8 21. Qxh7+ Kf8
22. Bg6 Qf6 23. Rf3 Ne5 24. Rxf6 Bxf6 25. Bf5 Ke7 26. Bxc8
Raxc8 27. Qe4 1-0

[Event "16th Asian Games Team Final Men"]
[Site "Guangzhou CHN"]
[Date "2010.11.25"]
[EventDate "2010.11.25"]
[Round "1"]
[Result "1/2-1/2"]
[White "Bu Xiangzhi"]
[Black "Tamijani Homayoon Toufighi"]
[WhiteElo "2680"]
[BlackElo "2455"]
[PlyCount "130"]

1. Nf3 Nf6 2. c4 e6 3. Nc3 d5 4. d4 Be7 5. Bg5 h6 6. Bxf6 Bxf6
7. Qb3 dxc4 8. Qxc4 O-O 9. e3 b6 10. Be2 Bb7 11. O-O Nd7
12. Rfd1 a6 13. Rac1 b5 14. Qb3 Qe7 15. a4 b4 16. Nb1 Rfc8
17. a5 c5 18. Nbd2 cxd4 19. exd4 e5 20. Rxc8+ Rxc8 21. Re1 Qf8
22. dxe5 Nxe5 23. Nxe5 Bxe5 24. h3 Re8 25. Nf3 Bf6 26. Bc4
Rxe1+ 27. Nxe1 Qe7 28. Kf1 Bd4 29. Nd3 Be4 30. Bd5 Bg6 31. Nf4
Qf6 32. Qf3 Bc2 33. b3 Ba7 34. Qe2 Qa1+ 35. Qe1 Qd4 36. g3 Kf8
37. Bc4 Bc5 38. Kg1 g5 39. Nd5 Bd3 40. Bxd3 Qxd3 41. Qe5 Bd4
42. Qd6+ Kg7 43. Ne3 Qb1+ 44. Kh2 Bxe3 45. Qe5+ Kh7 46. Qxe3
Qc2 47. Kg2 Qc3 48. Kf3 Qf6+ 49. Ke4 Qe6+ 50. Kd4 Qd7+ 51. Kc5
Qb5+ 52. Kd6 Qxa5 53. Qc5 Qd8+ 54. Kc6 Qd3 55. Qxb4 Qc2+
56. Kb7 a5 57. Qb6 a4 58. bxa4 Qxa4 59. Qf6 Qc4 60. g4 Qd5+
61. Kc7 Qc5+ 62. Kd7 Qa7+ 63. Ke8 Kg8 64. Qxh6 Qb8+ 65. Ke7
Qc7+ 1/2-1/2

[Event "Chinese Championship"]
[Site "Xinghua Jiangsu CHN"]
[Date "2011.03.30"]
[EventDate "2011.03.30"]
[Round "1"]
[Result "1/2-1/2"]
[White "Bu Xiangzhi"]
[Black "Yu Yangyi"]
[WhiteElo "2677"]
[BlackElo "2652"]
[PlyCount "40"]

1. d4 d5 2. c4 c6 3. Nf3 Nf6 4. e3 g6 5. Nc3 Bg7 6. Be2 O-O
7. O-O a6 8. b3 Bg4 9. Bb2 e6 10. h3 Bxf3 11. Bxf3 Nbd7
12. Qc2 Re8 13. Rfd1 Rc8 14. g3 Qc7 15. Bg2 b5 16. Rac1 Qa5
17. Qd2 Qd8 18. Qe2 Qa5 19. Qd2 Qd8 20. Qe2 Qa5 1/2-1/2